Pokémon by First Two Letters - Statistics

General Stats
  • This quiz has been taken 664 times
  • The average score is 865 of 1008
Answer Stats
No. Type Pokémon % Correct
#0406 Grass/Poison Budew
99%
#0418 Water Buizel
99%
#0001 Grass/Poison Bulbasaur
99%
#0427 Normal Buneary
99%
#0659 Normal Bunnelby
99%
#0412 Bug Burmy
99%
#0012 Bug/Flying Butterfree
99%
#0794 Bug/Fighting Buzzwole
99%
#0609 Ghost/Fire Chandelure
95%
#0113 Normal Chansey
95%
#0935 Fire Charcadet
95%
#0006 Fire/Flying Charizard
95%
#0737 Bug/Electric Charjabug
95%
#0004 Fire Charmander
95%
#0005 Fire Charmeleon
95%
#0441 Normal/Flying Chatot
95%
#0421 Grass Cherrim
95%
#0420 Grass Cherubi
95%
#0652 Grass/Fighting Chesnaught
95%
#0650 Grass Chespin
95%
#0833 Water Chewtle
95%
#1002 Dark/Ice Chien-Pao
95%
#0152 Grass Chikorita
95%
#0390 Fire Chimchar
95%
#0358 Psychic Chimecho
95%
#0170 Water/Electric Chinchou
95%
#0433 Psychic Chingling
95%
#1004 Dark/Fire Chi-Yu
95%
#0614 Ice Beartic
94%
#0267 Bug/Flying Beautifly
94%
#0015 Bug/Poison Beedrill
94%
#0606 Psychic Beheeyem
94%
#0374 Steel/Psychic Beldum
94%
#0939 Electric Bellibolt
94%
#0182 Grass Bellossom
94%
#0069 Grass/Poison Bellsprout
94%
#0712 Ice Bergmite
94%
#0760 Normal/Fighting Bewear
94%
#0649 Bug/Steel Genesect
94%
#0094 Ghost/Poison Gengar
94%
#0074 Rock/Ground Geodude
94%
#0673 Grass Gogoat
94%
#0042 Poison/Flying Golbat
94%
#0118 Water Goldeen
94%
#0055 Water Golduck
94%
#0076 Rock/Ground Golem
94%
#0622 Ground/Ghost Golett
94%
#0768 Bug/Water Golisopod
94%
#0623 Ground/Ghost Golurk
94%
#0706 Dragon Goodra
94%
#0704 Dragon Goomy
94%
#0368 Water Gorebyss
94%
#0829 Grass Gossifleur
94%
#0574 Psychic Gothita
94%
#0576 Psychic Gothitelle
94%
#0575 Psychic Gothorita
94%
#0711 Ghost/Grass Gourgeist
94%
#0172 Electric Pichu
94%
#0018 Normal/Flying Pidgeot
94%
#0017 Normal/Flying Pidgeotto
94%
#0016 Normal/Flying Pidgey
94%
#0519 Normal/Flying Pidove
94%
#0499 Fire/Fighting Pignite
94%
#0025 Electric Pikachu
94%
#0731 Normal/Flying Pikipek
94%
#0221 Ice/Ground Piloswine
94%
#0871 Electric Pincurchin
94%
#0204 Bug Pineco
94%
#0127 Bug Pinsir
94%
#0393 Water Piplup
94%
#0460 Grass/Ice Abomasnow
93%
#0063 Psychic Abra
93%
#0359 Dark Absol
93%
#0752 Water/Bug Araquanid
93%
#0024 Poison Arbok
93%
#0930 Grass/Normal Arboliva
93%
#0059 Fire Arcanine
93%
#0493 Normal Arceus
93%
#0566 Rock/Flying Archen
93%
#0567 Rock/Flying Archeops
93%
#0997 Dragon/Ice Arctibax
93%
#0883 Water/Ice Arctovish
93%
#0881 Electric/Ice Arctozolt
93%
#0168 Bug/Poison Ariados
93%
#0348 Rock/Bug Armaldo
93%
#0936 Fire/Psychic Armarouge
93%
#0683 Fairy Aromatisse
93%
#0304 Steel/Rock Aron
93%
#0846 Water Arrokuda
93%
#0144 Ice/Flying Articuno
93%
#0331 Grass Cacnea
93%
#0332 Grass/Dark Cacturne
93%
#0898 Psychic/Grass Calyrex
93%
#0323 Fire/Ground Camerupt
93%
#0951 Grass Capsakid
93%
#0703 Rock/Fairy Carbink
93%
#0838 Rock/Fire Carkol
93%
#0455 Grass Carnivine
93%
#0565 Water/Rock Carracosta
93%
#0318 Water/Dark Carvanha
93%
#0268 Bug Cascoon
93%
#0351 Normal Castform
93%
#0010 Bug Caterpie
93%
#0022 Normal/Flying Fearow
93%
#0349 Water Feebas
93%
#0653 Fire Fennekin
93%
#0160 Water Feraligatr
93%
#0597 Grass/Steel Ferroseed
93%
#0598 Grass/Steel Ferrothorn
93%
#0945 Poison/Normal Grafaiai
93%
#0210 Fairy Granbull
93%
#0853 Fighting Grapploct
93%
#0075 Rock/Ground Graveler
93%
#0984 Ground/Fighting Great Tusk
93%
#0971 Ghost Greavard
93%
#0820 Normal Greedent
93%
#0658 Water/Dark Greninja
93%
#0088 Poison Grimer
93%
#0861 Dark/Fairy Grimmsnarl
93%
#0810 Grass Grookey
93%
#0388 Grass Grotle
93%
#0383 Ground Groudon
93%
#0253 Grass Grovyle
93%
#0058 Fire Growlithe
93%
#0736 Bug Grubbin
93%
#0326 Psychic Grumpig
93%
#0140 Rock/Water Kabuto
93%
#0141 Rock/Water Kabutops
93%
#0064 Psychic Kadabra
93%
#0014 Bug/Poison Kakuna
93%
#0115 Normal Kangaskhan
93%
#0588 Bug Karrablast
93%
#0798 Grass/Steel Kartana
93%
#0308 Fighting/Psychic Medicham
93%
#0307 Fighting/Psychic Meditite
93%
#0154 Grass Meganium
93%
#0809 Steel Melmetal
93%
#0648 Normal/Psychic Meloetta
93%
#0808 Steel Meltan
93%
#0908 Grass/Dark Meowscarada
93%
#0678 Psychic Meowstic
93%
#0052 Normal Meowth
93%
#0481 Psychic Mesprit
93%
#0376 Steel/Psychic Metagross
93%
#0375 Steel/Psychic Metang
93%
#0011 Bug Metapod
93%
#0151 Psychic Mew
93%
#0150 Psychic Mewtwo
93%
#0976 Water/Psychic Veluza
93%
#0543 Bug/Poison Venipede
93%
#0049 Bug/Poison Venomoth
93%
#0048 Bug/Poison Venonat
93%
#0003 Grass/Poison Venusaur
93%
#0416 Bug/Flying Vespiquen
93%
#0320 Water Wailmer
93%
#0321 Water Wailord
93%
#0365 Ice/Water Walrein
93%
#0008 Water Wartortle
93%
#0505 Normal Watchog
93%
#0940 Electric/Flying Wattrel
93%
#0371 Dragon Bagon
92%
#0343 Ground/Psychic Baltoy
92%
#0354 Ghost Banette
92%
#0689 Rock/Water Barbaracle
92%
#0339 Water/Ground Barboach
92%
#0847 Water Barraskewda
92%
#0902 Water/Ghost Basculegion
92%
#0550 Water Basculin
92%
#0411 Rock/Steel Bastiodon
92%
#0998 Dragon/Ice Baxcalibur
92%
#0153 Grass Bayleef
92%
#0444 Dragon/Ground Gabite
92%
#0475 Psychic/Fighting Gallade
92%
#0596 Bug/Electric Galvantula
92%
#0569 Poison Garbodor
92%
#0445 Dragon/Ground Garchomp
92%
#0282 Psychic/Fairy Gardevoir
92%
#0934 Rock Garganacl
92%
#0092 Ghost/Poison Gastly
92%
#0423 Water/Ground Gastrodon
92%
#0002 Grass/Poison Ivysaur
92%
#0943 Dark Mabosstiff
92%
#0068 Fighting Machamp
92%
#0067 Fighting Machoke
92%
#0066 Fighting Machop
92%
#0240 Fire Magby
92%
#0219 Fire/Rock Magcargo
92%
#0801 Steel/Fairy Magearna
92%
#0129 Water Magikarp
92%
#0126 Fire Magmar
92%
#0467 Fire Magmortar
92%
#0081 Electric/Steel Magnemite
92%
#0082 Electric/Steel Magneton
92%
#0462 Electric/Steel Magnezone
92%
#0296 Fighting Makuhita
92%
#0687 Dark/Psychic Malamar
92%
#0473 Ice/Ground Mamoswine
92%
#0490 Water Manaphy
92%
#0630 Dark/Flying Mandibuzz
92%
#0310 Electric Manectric
92%
#0056 Fighting Mankey
92%
#0226 Water/Flying Mantine
92%
#0458 Water/Flying Mantyke
92%
#0556 Grass Maractus
92%
#0747 Poison/Water Mareanie
92%
#0179 Electric Mareep
92%
#0183 Water/Fairy Marill
92%
#0105 Ground Marowak
92%
#0802 Fighting/Ghost Marshadow
92%
#0259 Water/Ground Marshtomp
92%
#0942 Dark Maschiff
92%
#0284 Bug/Flying Masquerain
92%
#0925 Normal Maushold
92%
#0303 Steel/Fairy Mawile
92%
#0814 Fire Raboot
92%
#0954 Bug/Psychic Rabsca
92%
#0026 Electric Raichu
92%
#0243 Electric Raikou
92%
#0280 Psychic/Fairy Ralts
92%
#0409 Rock Rampardos
92%
#0078 Fire Rapidash
92%
#0020 Normal Raticate
92%
#0019 Normal Rattata
92%
#0384 Dragon/Flying Rayquaza
92%
#0065 Psychic Alakazam
91%
#0869 Fairy Alcremie
91%
#0594 Water Alomomola
91%
#0334 Dragon/Flying Altaria
91%
#0806 Fire/Ghost Blacephalon
91%
#0009 Water Blastoise
91%
#0257 Fire/Fighting Blaziken
91%
#0824 Bug Blipbug
91%
#0242 Normal Blissey
91%
#0522 Electric Blitzle
91%
#0724 Grass/Ghost Decidueye
91%
#0702 Electric/Fairy Dedenne
91%
#0585 Normal/Grass Deerling
91%
#0633 Dark/Dragon Deino
91%
#0301 Normal Delcatty
91%
#0225 Ice/Flying Delibird
91%
#0655 Fire/Psychic Delphox
91%
#0386 Psychic Deoxys
91%
#0087 Water/Ice Dewgong
91%
#0502 Water Dewott
91%
#0751 Water/Bug Dewpider
91%
#0803 Poison Poipole
91%
#0186 Water Politoed
91%
#0060 Water Poliwag
91%
#0061 Water Poliwhirl
91%
#0062 Water/Fighting Poliwrath
91%
#0855 Ghost Polteageist
91%
#0077 Fire Ponyta
91%
#0261 Dark Poochyena
91%
#0728 Water Popplio
91%
#0137 Normal Porygon
91%
#0233 Normal Porygon2
91%
#0474 Normal Porygon-Z
91%
#0302 Dark/Ghost Sableye
91%
#0373 Dragon/Flying Salamence
91%
#0757 Poison/Fire Salandit
91%
#0758 Poison/Fire Salazzle
91%
#0503 Water Samurott
91%
#0844 Ground Sandaconda
91%
#0551 Ground/Dark Sandile
91%
#0027 Ground Sandshrew
91%
#0028 Ground Sandslash
91%
#0769 Ghost/Ground Sandygast
91%
#0989 Electric/Ground Sandy Shocks
91%
#0539 Fighting Sawk
91%
#0586 Normal/Grass Sawsbuck
91%
#0461 Dark/Ice Weavile
91%
#0013 Bug/Poison Weedle
91%
#0070 Grass/Poison Weepinbell
91%
#0110 Poison Weezing
91%
#0483 Steel/Dragon Dialga
90%
#0719 Rock/Fairy Diancie
90%
#0660 Normal/Ground Diggersby
90%
#0050 Ground Diglett
90%
#0132 Normal Ditto
90%
#0832 Normal Dubwool
90%
#0580 Water/Flying Ducklett
90%
#0982 Normal Dudunsparce
90%
#0051 Ground Dugtrio
90%
#0206 Normal Dunsparce
90%
#0578 Psychic Duosion
90%
#0884 Steel/Dragon Duraludon
90%
#0632 Bug/Steel Durant
90%
#0356 Ghost Dusclops
90%
#0477 Ghost Dusknoir
90%
#0355 Ghost Duskull
90%
#0269 Bug/Poison Dustox
90%
#0783 Dragon/Fighting Hakamo-o
90%
#0440 Normal Happiny
90%
#0297 Fighting Hariyama
90%
#0856 Psychic Hatenna
90%
#0858 Psychic/Fairy Hatterene
90%
#0857 Psychic Hattrem
90%
#0093 Ghost/Poison Haunter
90%
#0701 Fighting/Flying Hawlucha
90%
#0612 Dragon Haxorus
90%
#0430 Dark/Flying Honchkrow
90%
#0679 Steel/Ghost Honedge
90%
#0250 Fire/Flying Ho-Oh
90%
#0720 Psychic/Ghost Hoopa
90%
#0163 Normal/Flying Hoothoot
90%
#0187 Grass/Flying Hoppip
90%
#0116 Water Horsea
90%
#0229 Dark/Fire Houndoom
90%
#0228 Dark/Fire Houndour
90%
#0972 Ghost Houndstone
90%
#0109 Poison Koffing
90%
#0775 Normal Komala
90%
#0784 Dragon/Fighting Kommo-o
90%
#1007 Fighting/Dragon Koraidon
90%
#0827 Dark Nickit
90%
#0034 Poison/Ground Nidoking
90%
#0031 Poison/Ground Nidoqueen
90%
#0029 | #0032 Poison Nidoran
90%
#0030 Poison Nidorina
90%
#0033 Poison Nidorino
90%
#0793 Rock/Poison Nihilego
90%
#0290 Bug/Ground Nincada
90%
#0038 Fire Ninetales
90%
#0291 Bug/Flying Ninjask
90%
#0117 Water Seadra
90%
#0119 Water Seaking
90%
#0364 Ice/Water Sealeo
90%
#0273 Grass Seedot
90%
#0086 Water Seel
90%
#0537 Water/Ground Seismitoad
90%
#0161 Normal Sentret
90%
#0497 Grass Serperior
90%
#0496 Grass Servine
90%
#0336 Poison Seviper
90%
#0540 Bug/Grass Sewaddle
90%
#0931 Normal/Flying Squawkabilly
90%
#0007 Water Squirtle
90%
#0698 Rock/Ice Amaura
89%
#0424 Normal Ambipom
89%
#0591 Grass/Poison Amoonguss
89%
#0181 Electric Ampharos
89%
#0882 Water/Dragon Dracovish
89%
#0880 Electric/Dragon Dracozolt
89%
#0691 Poison/Dragon Dragalge
89%
#0887 Dragon/Ghost Dragapult
89%
#0148 Dragon Dragonair
89%
#0149 Dragon/Flying Dragonite
89%
#0886 Dragon/Ghost Drakloak
89%
#0780 Normal/Dragon Drampa
89%
#0452 Poison/Dark Drapion
89%
#0147 Dragon Dratini
89%
#0834 Water/Rock Drednaw
89%
#0885 Dragon/Ghost Dreepy
89%
#0426 Ghost/Flying Drifblim
89%
#0425 Ghost/Flying Drifloon
89%
#0529 Ground Drilbur
89%
#0817 Water Drizzile
89%
#0096 Psychic Drowzee
89%
#0621 Dragon Druddigon
89%
#0449 Ground Hippopotas
89%
#0450 Ground Hippowdon
89%
#0107 Fighting Hitmonchan
89%
#0106 Fighting Hitmonlee
89%
#0237 Fighting Hitmontop
89%
#0305 Steel/Rock Lairon
89%
#0608 Ghost/Fire Lampent
89%
#0645 Ground/Flying Landorus
89%
#0171 Water/Electric Lanturn
89%
#0131 Water/Ice Lapras
89%
#0636 Bug/Fire Larvesta
89%
#0246 Rock/Ground Larvitar
89%
#0380 Dragon/Psychic Latias
89%
#0381 Dragon/Psychic Latios
89%
#0146 Fire/Flying Moltres
89%
#0391 Fire/Fighting Monferno
89%
#0755 Grass/Fairy Morelull
89%
#0860 Dark/Fairy Morgrem
89%
#0877 Electric/Dark Morpeko
89%
#0414 Bug/Flying Mothim
89%
#0749 Ground Mudbray
89%
#0258 Water Mudkip
89%
#0750 Ground Mudsdale
89%
#0089 Poison Muk
89%
#0446 Normal Munchlax
89%
#0517 Psychic Munna
89%
#0198 Dark/Flying Murkrow
89%
#0518 Psychic Musharna
89%
#0279 Water/Flying Pelipper
89%
#0863 Steel Perrserker
89%
#0053 Normal Persian
89%
#0548 Grass Petilil
89%
#0938 Electric Tadbulb
89%
#0276 Normal/Flying Taillow
89%
#0663 Fire/Flying Talonflame
89%
#0924 Normal Tandemaus
89%
#0114 Grass Tangela
89%
#0465 Grass Tangrowth
89%
#0787 Grass/Fairy Tapu Bulu
89%
#0788 Water/Fairy Tapu Fini
89%
#0785 Electric/Fairy Tapu Koko
89%
#0786 Psychic/Fairy Tapu Lele
89%
#0917 Bug Tarountula
89%
#0978 Dragon/Water Tatsugiri
89%
#0128 Normal Tauros
89%
#0216 Normal Teddiursa
89%
#0072 Water/Poison Tentacool
89%
#0073 Water/Poison Tentacruel
89%
#0498 Fire Tepig
89%
#0639 Rock/Fighting Terrakion
89%
#0085 Normal/Flying Dodrio
88%
#0084 Normal/Flying Doduo
88%
#0929 Grass/Normal Dolliv
88%
#0977 Water Dondozo
88%
#0232 Ground Donphan
88%
#0825 Bug/Psychic Dottler
88%
#0680 Steel/Ghost Doublade
88%
#0870 Fighting Falinks
88%
#0083 Normal/Flying Farfetch’d
88%
#0981 Normal/Psychic Farigiraf
88%
#0039 Normal/Fairy Jigglypuff
88%
#0385 Steel/Psychic Jirachi
88%
#0135 Electric Jolteon
88%
#0595 Bug/Electric Joltik
88%
#0941 Electric/Flying Kilowattrel
88%
#0983 Dark/Steel Kingambit
88%
#0230 Water/Dragon Kingdra
88%
#0099 Water Kingler
88%
#0281 Psychic/Fairy Kirlia
88%
#0021 Normal/Flying Spearow
88%
#0897 Ghost Spectrier
88%
#0665 Bug Spewpa
88%
#0363 Ice/Water Spheal
88%
#0918 Bug Spidops
88%
#0167 Bug/Poison Spinarak
88%
#0327 Normal Spinda
88%
#0442 Ghost/Dark Spiritomb
88%
#0325 Psychic Spoink
88%
#0906 Grass Sprigatito
88%
#0682 Fairy Spritzee
88%
#0948 Ground/Grass Toedscool
88%
#0949 Ground/Grass Toedscruel
88%
#0777 Electric/Steel Togedemaru
88%
#0468 Fairy/Flying Togekiss
88%
#0175 Fairy Togepi
88%
#0176 Fairy/Flying Togetic
88%
#0255 Fire Torchic
88%
#0324 Fire Torkoal
88%
#0641 Flying Tornadus
88%
#0726 Fire Torracat
88%
#0389 Grass/Ground Torterra
88%
#0158 Water Totodile
88%
#0733 Normal/Flying Toucannon
88%
#0748 Poison/Water Toxapex
88%
#0848 Electric/Poison Toxel
88%
#0454 Poison/Fighting Toxicroak
88%
#0849 Electric/Poison Toxtricity
88%
#0329 Ground/Dragon Vibrava
88%
#0494 Psychic/Fire Victini
88%
#0071 Grass/Poison Victreebel
88%
#0288 Normal Vigoroth
88%
#0738 Bug/Electric Vikavolt
88%
#0045 Grass/Poison Vileplume
88%
#0640 Grass/Fighting Virizion
88%
#0666 Bug/Flying Vivillon
88%
#0629 Dark/Flying Vullaby
88%
#0037 Fire Vulpix
88%
#0040 Normal/Fairy Wigglytuff
88%
#0960 Water Wiglett
88%
#0767 Bug/Water Wimpod
88%
#0278 Water/Flying Wingull
88%
#0746 Water Wishiwashi
88%
#0888 Fairy Zacian
88%
#0889 Fighting Zamazenta
88%
#0335 Normal Zangoose
88%
#0145 Electric/Flying Zapdos
88%
#0893 Dark/Grass Zarude
88%
#0251 Psychic/Grass Celebi
87%
#0797 Steel/Flying Celesteela
87%
#0851 Fire/Bug Centiskorch
87%
#0937 Fire/Ghost Ceruledge
87%
#0975 Ice Cetitan
87%
#0974 Ice Cetoddle
87%
#0613 Ice Cubchoo
87%
#0104 Ground Cubone
87%
#0878 Steel Cufant
87%
#0864 Ghost Cursola
87%
#0742 Bug/Fairy Cutiefly
87%
#0023 Poison Ekans
87%
#0830 Grass Eldegoss
87%
#0125 Electric Electabuzz
87%
#0466 Electric Electivire
87%
#0309 Electric Electrike
87%
#0101 Electric Electrode
87%
#0239 Electric Elekid
87%
#0605 Psychic Elgyem
87%
#0463 Normal Lickilicky
87%
#0108 Normal Lickitung
87%
#0510 Dark Liepard
87%
#0345 Rock/Grass Lileep
87%
#0549 Grass Lilligant
87%
#0506 Normal Lillipup
87%
#0264 Normal Linoone
87%
#0667 Fire/Normal Litleo
87%
#0725 Fire Litten
87%
#0607 Ghost/Fire Litwick
87%
#0417 Electric Pachirisu
87%
#0964 Water Palafin
87%
#0484 Water/Dragon Palkia
87%
#0770 Ghost/Ground Palossand
87%
#0536 Water/Ground Palpitoad
87%
#0674 Fighting Pancham
87%
#0675 Fighting/Dark Pangoro
87%
#0515 Water Panpour
87%
#0511 Grass Pansage
87%
#0513 Fire Pansear
87%
#0046 Bug/Grass Paras
87%
#0047 Bug/Grass Parasect
87%
#0766 Fighting Passimian
87%
#0504 Normal Patrat
87%
#0921 Electric Pawmi
87%
#0922 Electric/Fighting Pawmo
87%
#0923 Electric/Fighting Pawmot
87%
#0624 Dark/Steel Pawniard
87%
#0378 Ice Regice
87%
#0895 Dragon Regidrago
87%
#0894 Electric Regieleki
87%
#0486 Normal Regigigas
87%
#0377 Rock Regirock
87%
#0379 Steel Registeel
87%
#0369 Water/Rock Relicanth
87%
#0953 Bug Rellor
87%
#0223 Water Remoraid
87%
#0643 Dragon/Fire Reshiram
87%
#0579 Psychic Reuniclus
87%
#0966 Steel/Poison Revavroom
87%
#0319 Water/Dark Sharpedo
87%
#0492 Grass Shaymin
87%
#0292 Bug/Ghost Shedinja
87%
#0372 Dragon Shelgon
87%
#0090 Water Shellder
87%
#0422 Water Shellos
87%
#0616 Bug Shelmet
87%
#0410 Rock/Steel Shieldon
87%
#0275 Grass/Dark Shiftry
87%
#0756 Grass/Fairy Shiinotic
87%
#0403 Electric Shinx
87%
#0944 Poison/Normal Shroodle
87%
#0285 Grass Shroomish
87%
#0213 Bug/Rock Shuckle
87%
#0353 Ghost Shuppet
87%
#0583 Ice Vanillish
87%
#0582 Ice Vanillite
87%
#0584 Ice Vanilluxe
87%
#0134 Water Vaporeon
87%
#0965 Steel/Poison Varoom
87%
#0313 Bug Volbeat
87%
#0721 Fire/Water Volcanion
87%
#0637 Bug/Fire Volcarona
87%
#0100 Electric Voltorb
87%
#0681 Steel/Ghost Aegislash
86%
#0142 Rock/Flying Aerodactyl
86%
#0839 Rock/Fire Coalossal
86%
#0638 Steel/Fighting Cobalion
86%
#0563 Ghost Cofagrigus
86%
#0415 Bug/Flying Combee
86%
#0256 Fire/Fighting Combusken
86%
#0764 Fairy Comfey
86%
#0534 Fighting Conkeldurr
86%
#0879 Steel Copperajah
86%
#0341 Water Corphish
86%
#0222 Water/Rock Corsola
86%
#0823 Flying/Steel Corviknight
86%
#0822 Flying Corvisquire
86%
#0790 Psychic Cosmoem
86%
#0789 Psychic Cosmog
86%
#0546 Grass/Fairy Cottonee
86%
#0180 Electric Flaaffy
86%
#0669 Fairy Flabébé
86%
#0973 Flying/Fighting Flamigo
86%
#0841 Grass/Dragon Flapple
86%
#0136 Fire Flareon
86%
#0662 Fire/Flying Fletchinder
86%
#0661 Normal/Flying Fletchling
86%
#0955 Psychic Flittle
86%
#0419 Water Floatzel
86%
#0670 Fairy Floette
86%
#0907 Grass Floragato
86%
#0671 Fairy Florges
86%
#0987 Ghost/Fairy Flutter Mane
86%
#0330 Ground/Dragon Flygon
86%
#0443 Dragon/Ground Gible
86%
#0526 Rock Gigalith
86%
#0999 Ghost Gimmighoul
86%
#0203 Normal/Psychic Girafarig
86%
#0487 Ghost/Dragon Giratina
86%
#0631 Fire Heatmor
86%
#0485 Fire/Steel Heatran
86%
#0695 Electric/Normal Heliolisk
86%
#0694 Electric/Normal Helioptile
86%
#0214 Bug/Fighting Heracross
86%
#0507 Normal Herdier
86%
#0470 Grass Leafeon
86%
#0542 Bug/Grass Leavanny
86%
#0915 Normal Lechonk
86%
#0166 Bug/Flying Ledian
86%
#0165 Bug/Flying Ledyba
86%
#0619 Fighting Mienfoo
86%
#0620 Fighting Mienshao
86%
#0262 Dark Mightyena
86%
#0868 Fairy Milcery
86%
#0350 Water Milotic
86%
#0241 Normal Miltank
86%
#0439 Psychic/Fairy Mime Jr.
86%
#0778 Ghost/Fairy Mimikyu
86%
#0572 Normal Minccino
86%
#0774 Rock/Flying Minior
86%
#0312 Electric Minun
86%
#1008 Electric/Dragon Miraidon
86%
#0200 Ghost Misdreavus
86%
#0429 Ghost Mismagius
86%
#0164 Normal/Flying Noctowl
86%
#0714 Flying/Dragon Noibat
86%
#0715 Flying/Dragon Noivern
86%
#0299 Rock Nosepass
86%
#0561 Psychic/Flying Sigilyph
86%
#0266 Bug Silcoon
86%
#0843 Ground Silicobra
86%
#0773 Normal Silvally
86%
#0516 Water Simipour
86%
#0512 Grass Simisage
86%
#0514 Fire Simisear
86%
#0854 Ghost Sinistea
86%
#0865 Fighting Sirfetch'd
86%
#0850 Fire/Bug Sizzlipede
86%
#0816 Water Sobble
86%
#0791 Psychic/Steel Solgaleo
86%
#0577 Psychic Solosis
86%
#0338 Rock/Psychic Solrock
86%
#0202 Psychic Wobbuffet
86%
#1001 Dark/Grass Wo-Chien
86%
#0527 Psychic/Flying Woobat
86%
#0831 Normal Wooloo
86%
#0194 Water/Ground Wooper
86%
#0413 Bug/Varies Wormadam
86%
#0482 Psychic Azelf
85%
#0184 Water/Fairy Azumarill
85%
#0298 Normal/Fairy Azurill
85%
#0366 Water Clamperl
85%
#0692 Water Clauncher
85%
#0693 Water Clawitzer
85%
#0344 Ground/Psychic Claydol
85%
#0036 Fairy Clefable
85%
#0035 Fairy Clefairy
85%
#0173 Fairy Cleffa
85%
#0852 Fighting Clobbopus
85%
#0980 Poison/Ground Clodsire
85%
#0091 Water/Ice Cloyster
85%
#0927 Fairy Dachsbun
85%
#0491 Dark Darkrai
85%
#0555 Fire Darmanitan
85%
#0723 Grass/Flying Dartrix
85%
#0554 Fire Darumaka
85%
#0530 Ground/Steel Excadrill
85%
#0102 Grass/Psychic Exeggcute
85%
#0103 Grass/Psychic Exeggutor
85%
#0295 Normal Exploud
85%
#0909 Fire Fuecoco
85%
#0676 Normal Furfrou
85%
#0162 Normal Furret
85%
#0920 Bug/Dark Lokix
85%
#0271 Water/Grass Lombre
85%
#0428 Normal Lopunny
85%
#0270 Water/Grass Lotad
85%
#0294 Normal Loudred
85%
#0730 Water/Fairy Primarina
85%
#0057 Fighting Primeape
85%
#0394 Water Prinplup
85%
#0476 Rock/Steel Probopass
85%
#0195 Water/Ground Quagsire
85%
#0914 Water/Fighting Quaquaval
85%
#0912 Water Quaxly
85%
#0913 Water Quaxwell
85%
#0156 Fire Quilava
85%
#0651 Grass Quilladin
85%
#1005 Dragon/Dark Roaring Moon
85%
#0744 Rock Rockruff
85%
#0524 Rock Roggenrola
85%
#0837 Rock Rolycoly
85%
#0821 Flying Rookidee
85%
#0315 Grass/Poison Roselia
85%
#0407 Grass/Poison Roserade
85%
#0479 Electric/Ghost Rotom
85%
#0722 Grass/Flying Rowlet
85%
#0185 Rock Sudowoodo
85%
#0245 Water Suicune
85%
#0192 Grass Sunflora
85%
#0191 Grass Sunkern
85%
#0283 Bug/Water Surskit
85%
#0306 Steel/Rock Aggron
84%
#0525 Rock Boldore
84%
#0836 Electric Boltund
84%
#0962 Flying/Dark Bombirdier
84%
#0438 Rock Bonsly
84%
#0626 Normal Bouffalant
84%
#0761 Grass Bounsweet
84%
#0589 Bug/Steel Escavalier
84%
#0956 Psychic Espathra
84%
#0196 Psychic Espeon
84%
#0677 Psychic Espurr
84%
#0130 Water/Flying Gyarados
84%
#0448 Fighting/Steel Lucario
84%
#0272 Water/Grass Ludicolo
84%
#0249 Psychic/Flying Lugia
84%
#0457 Water Lumineon
84%
#0792 Psychic/Ghost Lunala
84%
#0337 Rock/Psychic Lunatone
84%
#0754 Grass Lurantis
84%
#0370 Water Luvdisc
84%
#0404 Electric Luxio
84%
#0405 Electric Luxray
84%
#0289 Normal Slaking
84%
#0287 Normal Slakoth
84%
#0705 Dragon Sliggoo
84%
#0988 Bug/Fighting Slither Wing
84%
#0080 WaterPsychic Slowbro
84%
#0199 Water/Psychic Slowking
84%
#0079 Water/Psychic Slowpoke
84%
#0218 Fire Slugma
84%
#0685 Fairy Slurpuff
84%
#0805 Rock/Steel Stakataka
84%
#0234 Normal Stantler
84%
#0398 Normal/Flying Staraptor
84%
#0397 Normal/Flying Staravia
84%
#0396 Normal/Flying Starly
84%
#0121 Water/Psychic Starmie
84%
#0120 Water Staryu
84%
#0208 Steel/Ground Steelix
84%
#0762 Grass Steenee
84%
#0874 Rock Stonjourner
84%
#0508 Normal Stoutland
84%
#0759 Normal/Fighting Stufful
84%
#0618 Ground/Electric Stunfisk
84%
#0434 Poison/Dark Stunky
84%
#0400 Normal/Water Bibarel
83%
#0399 Normal Bidoof
83%
#0688 Rock/Water Binacle
83%
#0625 Dark/Steel Bisharp
83%
#0603 Electric Eelektrik
83%
#0604 Electric Eelektross
83%
#0133 Normal Eevee
83%
#0753 Grass Fomantis
83%
#0590 Grass/Poison Foongus
83%
#0205 Bug/Steel Forretress
83%
#0471 Ice Glaceon
83%
#0362 Ice Glalie
83%
#0431 Normal Glameow
83%
#0896 Ice Glastrier
83%
#0207 Ground/Flying Gligar
83%
#0969 Rock/Poison Glimmet
83%
#0970 Rock/Poison Glimmora
83%
#0472 Ground/Flying Gliscor
83%
#0044 Grass/Poison Gloom
83%
#0740 Fighting/Ice Crabominable
82%
#0739 Fighting Crabrawler
82%
#0346 Rock/Grass Cradily
82%
#0845 Flying/Water Cramorant
82%
#0408 Rock Cranidos
82%
#0342 Water/Dark Crawdaunt
82%
#0488 Psychic Cresselia
82%
#0453 Poison/Fighting Croagunk
82%
#0169 Poison/Flying Crobat
82%
#0910 Fire Crocalor
82%
#0159 Water Croconaw
82%
#0558 Bug/Rock Crustle
82%
#0615 Ice Cryogonal
82%
#0905 Fairy/Flying Enamorus
82%
#0244 Fire Entei
82%
#0316 Poison Gulpin
82%
#0735 Normal Gumshoos
82%
#0533 Fighting Gurdurr
82%
#0799 Dark/Dragon Guzzlord
82%
#0635 Dark/Dragon Hydreigon
82%
#0097 Psychic Hypno
82%
#0932 Rock Nacli
82%
#0933 Rock Naclstack
82%
#0804 Poison/Dragon Naganadel
82%
#0177 Psychic/Flying Natu
82%
#0043 Grass/Poison Oddish
82%
#0138 Rock/Water Omanyte
82%
#0139 Rock/Water Omastar
82%
#0095 Rock/Ground Onix
82%
#0710 Ghost/Grass Pumpkaboo
82%
#0247 Rock/Ground Pupitar
82%
#0509 Dark Purrloin
82%
#0432 Normal Purugly
82%
#0520 Normal/Flying Tranquill
82%
#0328 Ground Trapinch
82%
#0252 Grass Treecko
82%
#0709 Ghost/Grass Trevenant
82%
#0357 Grass/Flying Tropius
82%
#0568 Poison Trubbish
82%
#0732 Normal/Flying Trumbeak
82%
#0535 Water Tympole
82%
#0602 Electric Tynamo
82%
#0772 Normal Type: Null
82%
#0157 Fire Typhlosion
82%
#0697 Rock/Dragon Tyrantrum
82%
#0236 Fighting Tyrogue
82%
#0696 Rock/Dragon Tyrunt
82%
#0979 Fighting/Ghost Annihilape
81%
#0347 Rock/Bug Anorith
81%
#0664 Bug Scatterbug
81%
#0254 Grass Sceptile
81%
#0212 Bug/Steel Scizor
81%
#0545 Bug/Poison Scolipede
81%
#0813 Fire Scorbunny
81%
#0952 Grass/Fire Scovillain
81%
#0560 Dark/Fighting Scrafty
81%
#0559 Dark/Fighting Scraggy
81%
#0985 Fairy/Psychic Scream Tail
81%
#0123 Bug/Flying Scyther
81%
#0215 Dark/Ice Sneasel
81%
#0903 Poison/Fighting Sneasler
81%
#0495 Grass Snivy
81%
#0872 Ice/Bug Snom
81%
#0143 Normal Snorlax
81%
#0361 Ice Snorunt
81%
#0459 Grass/Ice Snover
81%
#0209 Fairy Snubbull
81%
#0776 Fire/Dragon Turtonator
81%
#0387 Grass Turtwig
81%
#0248 Rock/Dark Tyranitar
81%
#0041 Poison/Flying Zubat
81%
#0532 Fighting Timburr
80%
#1003 Dark/Ground Ting-Lu
80%
#0957 Fairy/Steel Tinkatink
80%
#0959 Fairy/Steel Tinkaton
80%
#0958 Fairy/Steel Tinkatuff
80%
#0564 Water/Rock Tirtouga
80%
#0967 Dragon/Normal Cyclizar
79%
#0155 Fire Cyndaquil
79%
#0500 Fire/Fighting Emboar
79%
#0587 Electric/Flying Emolga
79%
#0395 Water/Steel Empoleon
79%
#0611 Dragon Fraxure
79%
#0996 Dragon/Ice Frigibax
79%
#0592 Water/Ghost Frillish
79%
#0656 Water Froakie
79%
#0657 Water Frogadier
79%
#0478 Ice/Ghost Froslass
79%
#0873 Ice/Bug Frosmoth
79%
#0367 Water Huntail
79%
#0054 Water Psyduck
79%
#0743 Bug/Fairy Ribombee
79%
#0812 Grass Rillaboom
79%
#0447 Fighting Riolu
79%
#0227 Steel/Flying Skarmory
79%
#0911 Fire/Ghost Skeledirge
79%
#0672 Grass Skiddo
79%
#0188 Grass/Flying Skiploom
79%
#0300 Normal Skitty
79%
#0451 Poison/Bug Skorupi
79%
#0690 Poison/Water Skrelp
79%
#0435 Poison/Dark Skuntank
79%
#0819 Normal Skwovet
79%
#0961 Water Wugtrio
79%
#0265 Bug Wurmple
79%
#0523 Electric Zebstrika
79%
#0644 Dragon/Electric Zekrom
79%
#0807 Electric Zeraora
79%
#0654 Fire Braixen
78%
#0947 Grass/Ghost Brambleghast
78%
#0946 Grass/Ghost Bramblin
78%
#0628 Normal/Flying Braviary
78%
#0286 Grass/Fighting Breloom
78%
#0729 Water Brionne
78%
#0437 Steel/Psychic Bronzong
78%
#0436 Steel/Psychic Bronzor
78%
#0986 Grass/Dark Brute Bonnet
78%
#0779 Water/Psychic Bruxish
78%
#0573 Normal Cinccino
78%
#0815 Fire Cinderace
78%
#0926 Fairy Fidough
78%
#0963 Water Finizen
78%
#0456 Water Finneon
78%
#0174 Normal/Fairy Igglybuff
78%
#0189 Grass/Flying Jumpluff
78%
#0322 Fire/Ground Numel
78%
#0274 Grass/Dark Nuzleaf
78%
#0531 Normal Audino
77%
#0699 Rock/Ice Aurorus
77%
#0124 Ice/Psychic Jynx
77%
#0352 Normal Kecleon
77%
#0647 Water/Fighting Keldeo
77%
#0098 Water Krabby
77%
#0401 Bug Kricketot
77%
#0402 Bug Kricketune
77%
#0552 Ground/Dark Krokorok
77%
#0553 Ground/Dark Krookodile
77%
#0333 Normal/Flying Swablu
77%
#0541 Bug/Grass Swadloon
77%
#0317 Poison Swalot
77%
#0260 Water/Ground Swampert
77%
#0581 Water/Flying Swanna
77%
#0277 Normal/Flying Swellow
77%
#0220 Ice/Ground Swinub
77%
#0684 Fairy Swirlix
77%
#0528 Psychic/Flying Swoobat
77%
#0263 Normal Zigzagoon
77%
#0842 Grass/Dragon Appletun
76%
#0840 Grass/Dragon Applin
76%
#0727 Fire/Dark Incineroar
76%
#0876 Psychic/Normal Indeedee
76%
#0392 Fire/Fighting Infernape
76%
#0686 Dark/Psychic Inkay
76%
#0818 Water Inteleon
76%
#0231 Ground Phanpy
76%
#0708 Ghost/Grass Phantump
76%
#0795 Bug/Fighting Pheromosa
76%
#0489 Water Phione
76%
#0112 Ground/Rock Rhydon
76%
#0111 Ground/Rock Rhyhorn
76%
#0464 Ground/Rock Rhyperior
76%
#0828 Dark Thievul
76%
#0538 Fighting Throh
76%
#0642 Electric/Flying Thundurus
76%
#0811 Grass Thwackey
76%
#0562 Ghost Yamask
76%
#0835 Electric Yamper
76%
#0193 Bug/Flying Yanma
76%
#0469 Bug/Flying Yanmega
76%
#0178 Psychic/Flying Xatu
75%
#0617 Bug Accelgor
74%
#0610 Dragon Axew
74%
#0311 Electric Plusle
74%
#0713 Ice Avalugg
73%
#0765 Normal/Psychic Oranguru
73%
#0826 Bug/Psychic Orbeetle
73%
#0741 Varies/Flying Oricorio
73%
#0968 Steel Orthworm
73%
#0501 Water Oshawott
73%
#0627 Normal/Flying Rufflet
73%
#0867 Ground/Ghost Runerigus
73%
#0197 Dark Umbreon
73%
#0521 Normal/Flying Unfezant
73%
#0201 Psychic Unown
73%
#0901 Ground/Normal Ursaluna
73%
#0217 Normal Ursaring
73%
#0892 Fighting/Dark Urshifu
73%
#0314 Bug Illumise
72%
#0593 Water/Ghost Jellicent
72%
#0382 Water Kyogre
72%
#0646 Dragon/Ice Kyurem
72%
#0235 Normal Smeargle
72%
#0928 Grass/Normal Smoliv
72%
#0238 Ice/Psychic Smoochum
72%
#0547 Grass/Fairy Whimsicott
72%
#0544 Bug/Poison Whirlipede
72%
#0340 Water/Ground Whiscash
72%
#0293 Normal Whismur
72%
#0716 Fairy Xerneas
72%
#0571 Dark Zoroark
72%
#0570 Dark Zorua
72%
#0890 Poison/Dragon Eternatus
71%
#0122 Psychic/Fairy Mr. Mime
70%
#0866 Ice/Psychic Mr. Rime
70%
#0190 Normal Aipom
68%
#0600 Steel Klang
68%
#0950 Rock Klawf
68%
#0900 Bug/Rock Kleavor
68%
#0707 Steel/Fairy Klefki
68%
#0599 Steel Klink
68%
#0601 Steel Klinklang
68%
#0668 Fire/Normal Pyroar
68%
#0771 Water Pyukumuku
68%
#0782 Dragon Jangmo-o
67%
#0991 Ice/Water Iron Bundle
66%
#0992 Fighting/Electric Iron Hands
66%
#0993 Dark/Flying Iron Jugulis
66%
#0994 Fire/Poison Iron Moth
66%
#0995 Rock/Electric Iron Thorns
66%
#0990 Ground/Steel Iron Treads
66%
#1006 Fairy/Fighting Iron Valiant
66%
#0700 Fairy Sylveon
66%
#0224 Water Octillery
65%
#0480 Psychic Uxie
65%
#0360 Psychic Wynaut
65%
#0899 Normal/Psychic Wyrdeer
65%
#1000 Steel/Ghost Gholdengo
64%
#0796 Electric Xurkitree
64%
#0800 Psychic Necrozma
63%
#0734 Normal Yungoos
63%
#0904 Dark/Poison Overqwil
62%
#0891 Fighting Kubfu
61%
#0211 Water/Poison Qwilfish
61%
#0875 Ice Eiscue
60%
#0859 Dark/Fairy Impidimp
59%
#0916 Normal Oinkologne
59%
#0717 Dark/Flying Yveltal
59%
#0718 Dragon/Ground Zygarde
59%
#0862 Dark/Normal Obstagoon
57%
#0745 Rock Lycanroc
56%
#0781 Ghost/Grass Dhelmise
52%
#0634 Dark/Dragon Zweilous
52%
#0763 Grass Tsareena
51%
#0557 Bug/Rock Dwebble
50%
#0919 Bug Nymble
46%
No matching quizzes found
Score Distribution
Percent of People with Each Score
Percentile by Number Answered
Your Score History
You have not taken this quiz